000 00906cam a2200289u 4500
999 _c7926
_d7926
001 7926
003 BD-JhCC
005 20190311092725.0
008 810220s1893 xx a 000 0 eng
035 _a(BD-JhCC)7926
040 _aDLC
_cCarP
_dDLC
_dBD-JhCC
041 _aeng
050 1 0 _aE165
_b.D612
050 0 0 _aMicrofilm 30668 E
082 _bDIC 1893
_a917.3
100 1 _aDickens, Charles,
_d1812-1870.
245 1 0 _aAmerican notes and Pictures from Italy /
_cCharles Dickens,
260 _aLondon and New York,
_bMacmillan and co.,
_c1893.
300 _axvii p., 1 l., 379, [1] p.
_bill., facsim.
_c20 cm.
651 0 _aUnited States
_xDescription and travel.
651 0 _aUnited States
_xSocial life and customs
_y1783-1865.
651 0 _aItaly
_xDescription and travel.
700 1 _aDickens, Charles,
_d1837-1896.
740 0 _aPictures from Italy.
942 _2ddc
_cBK